[Event "Milan Crespi op-B 34th"]
[Site "Milan"]
[Date "2013.12.08"]
[Round "7"]
[White "Calabrese, Maurizio"]
[Black "Figini, Vittorio"]
[Result "1-0"]
[WhiteElo "1434"]
[BlackElo "1468"]
[PlyCount "87"]
[EventDate "2013.12.04"]
[EventType "swiss"]
[EventRounds "7"]
[EventCountry "ITA"]
[SourceTitle "EXT 2015"]
[Source "ChessBase"]
[SourceDate "2014.11.20"]
[SourceVersion "1"]
[SourceVersionDate "2014.11.20"]
[SourceQuality "1"]

1. d4 Nf6 2. c4 e6 3. Nf3 c5 4. g3 cxd4 5. Nxd4 Nc6 6. Nxc6 bxc6 7. Bg2 Bb7 8. 0-0 Be7 9. Qd3 Rb8 10. Be3 c5 11. Bf4 Bxg2 12. Kxg2 d6 13. Nc3 a6 14. f3 Rxb2 15. Rab1 Rxb1 16. Rxb1 0-0 17. e4 Nd7 18. Rb3 Qc7 19. Qb1 Rb8 20. Nd1 Bf6 21. Bc1 Bd4 22. Bb2 e5 23. Nc3 Nb6 24. Nd5 Nxd5 25. cxd5 Rxb3 26. axb3 Qb6 27. Bc1 Qb4 28. Qa2 a5 29. Qa4 Qxa4 30. bxa4 Bc3 31. f4 f6 32. Kf3 Kf7 33. Ke3 Ke7 34. Kd3 Bb4 35. f5 Kd7 36. h3 Kc7 37. Bd2 Kb6 38. h4 h5 39. Be3 Be1 40. Kc4 Bxg3 41. Bxc5+ dxc5 42. d6 Bxh4 43. Kd5 c4 44. Ke6 1-0

[Event "Milan Province-ch"]
[Site "Milan"]
[Date "2013.01.27"]
[Round "6"]
[White "Calabrese, Maurizio"]
[Black "Colombo, Abner"]
[Result "1-0"]
[WhiteElo "1518"]
[BlackElo "1356"]
[PlyCount "101"]
[EventDate "2013.01.24"]
[EventType "swiss"]
[EventRounds "6"]
[EventCountry "ITA"]
[SourceTitle "EXT 2014"]
[Source "ChessBase"]
[SourceDate "2013.11.20"]
[SourceVersion "1"]
[SourceVersionDate "2013.11.20"]
[SourceQuality "1"]

1. e4 e5 2. Nf3 d6 3. Bc4 Be6 4. Bxe6 fxe6 5. Qe2 Nf6 6. d4 Nc6 7. Ng5 Nxd4 8. Qc4 d5 9. exd5 exd5 10. Qd3 Bc5 11. 0-0 Qe7 12. Kh1 0-0-0 13. Qh3+ Rd7 14. Na3 a6 15. Rd1 h6 16. Nf3 Nxf3 17. Qxf3 Ne4 18. Be3 Rf8 19. Qe2 Bxa3 20. f3 Bxb2 21. Rab1 Nc3 22. Qf2 Nxd1 23. Rxd1 e4 24. Bc5 e3 25. Bxe7 exf2 26. Bxf8 d4 27. g3 d3 28. c4 Bc3 29. Bc5 Be1 30. Kg2 d2 31. Bxf2 Bxf2 32. Kxf2 Rd3 33. Ke2 Rc3 34. Rxd2 Rxc4 35. Ke3 c5 36. f4 b5 37. h4 Rd4 38. Rxd4 cxd4+ 39. Kxd4 Kd7 40. Kc5 Kc7 41. g4 g6 42. a3 Kb7 43. f5 gxf5 44. g5 hxg5 45. hxg5 f4 46. Kd4 Kc6 47. g6 f3 48. Ke3 a5 49. g7 b4 50. axb4 f2 51. Kxf2 1-0

[Event "Milan Crespi op-C 33rd"]
[Site "Milan"]
[Date "2012.12.07"]
[Round "3"]
[White "Calabrese, Maurizio"]
[Black "Pollio, Ciro"]
[Result "0-1"]
[WhiteElo "1528"]
[BlackElo "1714"]
[PlyCount "46"]
[EventDate "2012.12.05"]
[EventType "swiss"]
[EventRounds "7"]
[EventCountry "ITA"]
[SourceTitle "EXT 2024"]
[Source "ChessBase"]
[SourceDate "2023.10.10"]
[SourceVersion "1"]
[SourceVersionDate "2023.10.10"]
[SourceQuality "1"]

1. d4 d5 2. c4 e6 3. Bf4 Nf6 4. Nf3 c5 5. e3 Nc6 6. Nc3 a6 7. Bd3 dxc4 8. Bxc4 b5 9. Bb3 c4 10. Bc2 Bd6 11. Nd2 Bxf4 12. exf4 Nxd4 13. 0-0 Nxc2 14. Qxc2 0-0 15. Nf3 Qc7 16. Ne2 Bb7 17. Ne5 Be4 18. Qc3 Nd5 19. Qg3 Rad8 20. Rac1 Qb7 21. Ng4 Bd3 22. Qf3 Bxe2 23. Qxe2 Nxf4 0-1

[Event "Condino op 12th"]
[Site "Condino"]
[Date "2012.07.22"]
[Round "2"]
[White "Galas, Franco"]
[Black "Calabrese, Maurizio"]
[Result "0-1"]
[WhiteElo "1756"]
[BlackElo "1541"]
[PlyCount "126"]
[EventDate "2012.07.22"]
[EventType "swiss"]
[EventRounds "7"]
[EventCountry "ITA"]
[SourceTitle "CBM 149 Extra"]
[Source "ChessBase"]
[SourceDate "2012.08.24"]
[SourceVersion "1"]
[SourceVersionDate "2012.08.24"]
[SourceQuality "1"]

1. d4 c6 2. Nf3 g6 3. e3 d6 4. c3 Nd7 5. Bd3 e5 6. dxe5 Nxe5 7. Nxe5 dxe5 8. Qc2 Bh6 9. Na3 Ne7 10. 0-0 Bg7 11. e4 0-0 12. Be3 Re8 13. Rad1 Qc7 14. Nc4 Be6 15. a3 Rad8 16. Nd2 Nc8 17. Nf3 f6 18. h3 b6 19. Nh2 Nd6 20. b3 Qf7 21. c4 b5 22. Rc1 Rd7 23. f3 Red8 24. Ng4 Nb7 25. Be2 a6 26. f4 exf4 27. Bxf4 f5 28. Bg5 Re8 29. cxb5 cxb5 30. Bh6 Bxb3 31. Qc6 Qe6 32. Bxg7 Kxg7 33. Qc3+ Kf7 34. Nh6+ Ke7 35. Qb4+ Kd8 36. Rb1 Bc4 37. Bxc4 Qxc4 38. exf5 Qxb4 39. axb4 gxf5 40. Rxf5 Nd6 41. Rd5 Re6 42. Ng4 Nc4 43. Rxd7+ Kxd7 44. Rd1+ Ke7 45. Nf2 Re2 46. Nd3 Ne3 47. Nf4 Rxg2+ 48. Nxg2 Nxd1 49. Kf1 Kf6 50. Ke2 Nc3+ 51. Kd2 Nd5 52. Kd3 Nxb4+ 53. Kd4 Kg5 54. Kc5 Nc2 55. Kd5 a5 56. Kc5 b4 57. Kc4 a4 58. Kd3 b3 59. Kc3 Kf5 60. Kb2 Ke4 61. Nh4 Kf4 62. Kc3 Kg3 63. Nf5+ Kxh3 0-1

[Event "Crema op 10th"]
[Site "Crema"]
[Date "2008.09.06"]
[Round "4"]
[White "Acunzo, Domenico"]
[Black "Calabrese, Maurizio"]
[Result "1-0"]
[WhiteElo "1787"]
[BlackElo "1588"]
[PlyCount "119"]
[EventDate "2008.09.05"]
[EventType "swiss"]
[EventRounds "6"]
[EventCountry "ITA"]
[SourceTitle "EXT 2011"]
[Source "ChessBase"]
[SourceDate "2010.11.26"]
[SourceVersion "1"]
[SourceVersionDate "2010.11.26"]
[SourceQuality "1"]

1. e4 e5 2. f4 Nf6 3. fxe5 Nxe4 4. Nf3 c6 5. d4 d5 6. Bd3 Bg4 7. 0-0 Be7 8. c3 Nd7 9. Qc2 f5 10. exf6 Ndxf6 11. Nbd2 0-0 12. Ne5 Nxd2 13. Bxd2 Bh5 14. h3 Be8 15. Rae1 c5 16. Bg5 Qb6 17. Nf3 Bd8 18. dxc5 Qxc5+ 19. Nd4 Bd7 20. Kh1 Ne4 21. Rxf8+ Qxf8 22. Bxe4 Bxg5 23. Bxd5+ Kh8 24. Bxb7 Re8 25. Rxe8 Qxe8 26. Nf3 Bd8 27. Qe4 Qf8 28. Qd4 Qf5 29. Be4 Qe6 30. Qd5 Qe7 31. Qe5 Qf8 32. Qh5 Qg8 33. Ne5 Be8 34. Qf3 Bf6 35. Bd5 Qf8 36. Ng4 Bh5 37. Qf5 Qe8 38. Qe6 Qf8 39. Nxf6 gxf6 40. b4 Bd1 41. Qf7 Qxf7 42. Bxf7 Kg7 43. Bb3 Be2 44. a4 Ba6 45. c4 Kf8 46. b5 Bb7 47. c5 Ke7 48. Kg1 Be4 49. Kf2 h6 50. g3 Kd7 51. Ke3 Bg6 52. g4 Kc7 53. h4 Bh7 54. Kd4 Kb7 55. Be6 Bb1 56. a5 Bg6 57. c6+ Kb8 58. Kc5 Kc7 59. b6+ axb6+ 60. axb6+ 1-0